Marrakech - Choix Multiples - Statistiques

Statistiques générales
  • Ce quiz a été pris 2 920 fois
  • Le résultat moyen est 7 sur 10
Statistiques - réponses
Question Réponse % Correct
Marrakech est connue pour ce type de marchés, présents dans le monde arabe : Souk
92%
Quel humoriste franco-marocain a créé le Marrakech du Rire en 2011 ? Jamel Debbouze
90%
Quelle chaîne de montagne se trouve à proximité de Marrakech ? L'Atlas
82%
Quel est le nom du quartier historique de Marrakech, aujourd'hui inscrit au patrimoine mondial de l'UNESCO ? Médina
81%
Quel groupe ethnique a fondé la ville en 1071 ? Les Berbères
77%
Quel surnom porte la ville, en raison de la couleur d'un grand nombre de ses maisons et bâtiments ? Ville Rouge
73%
Laquelle de ces mosquées se trouve à Marrakech ?
69%
Quel couturier français a contribué à populariser la ville en s'y installant dans les années 1960 ? Yves Saint Laurent
68%
Qu'est-ce que désigne Jemaa el Fna à Marrakech ? Une place
66%
Laquelle de ces villes est historiquement rivale de Marrakech ? Fès
32%
Aucun quiz correspondant
Distribution des résultats
% des personnes avec chaque résultat
Percentile par nombre de réponses
Votre historique - résultats
Vous n’avez pas pris ce quiz